00529nam a2200157Ia 4500008004100000020001800041082001600059100002700075245005400102260002700156300001100183500003800194650003200232952009000264999001700354120622s9999 xx 000 0 und d a970-10-2306-4 a791.4 C172i aCamacho Camacho, Lidia aLa imágen radiofónica / Lidia Camacho Camacho aMéxico : McGraw-Hill a132 p. aIncluye bibliografía e índice a1. GUIONES \ 2. LIBRETOSÌ 00104070a01b01d2007-01-25l0o791.4 C172Ip01 008361r2012-06-24w2012-06-24yLB c57238d57238